Museum Design: Architecture/Culture/Geographical Environment (Record no. 13611)
[ view plain ]
| 000 -LEADER | |
|---|---|
| fixed length control field | 00240 a2200097 4500 |
| 020 ## - INTERNATIONAL STANDARD BOOK NUMBER | |
| International Standard Book Number | 978-9881683519 |
| 100 ## - MAIN ENTRY--PERSONAL NAME | |
| Personal name | SendPoints |
| 245 ## - TITLE STATEMENT | |
| Title | Museum Design: Architecture/Culture/Geographical Environment |
| 250 ## - EDITION STATEMENT | |
| Edition statement | 2016 |
| 260 ## - PUBLICATION, DISTRIBUTION, ETC. | |
| Name of publisher, distributor, etc. | Sendpoints |
| Withdrawn status | Lost status | Source of classification or shelving scheme | Damaged status | Not for loan | Permanent Location | Current Location | Date acquired | Source of acquisition | Cost, normal purchase price | Barcode | Date last seen | Cost, replacement price | Price effective from | Koha item type |
|---|---|---|---|---|---|---|---|---|---|---|---|---|---|---|
| BMS College of Architecture, Design and Planning | BMS College of Architecture, Design and Planning | 2025-09-12 | 10 | 3666.60 | AR-UG4427 | 2025-09-12 | 5238.00 | 2025-09-12 | UG Books |